Ciencias sociales 7 /

Guardado en:
Autor Principal: Blanco, Jorge
Otros Autores: Fernández Caso, María Victoria, Gurevich, Raquel, Vázquez, Enrique, Alonso, María Ernestina, Soletic, María Angeles
Formato: Libro
Publicado: Buenos Aires : Aique, 2006
Series:Conciencia social
Materias:
Etiquetas: Agregar Etiqueta
Sin Etiquetas, Sea el primero en etiquetar este registro!
LEADER 02204nam a22003975a 4500
001 CEM.cems012394
008 130507s2006##################000#0#####d
005 20211213174206.0
003 CEMS
245 1 0 |a Ciencias sociales 7 /  |c Jorge Blanco ... [et Al.] 
260 |a Buenos Aires :  |b Aique,  |c 2006 
300 |a 272 p. 
490 0 |a Conciencia social 
500 |a Para 7° año Egb 3 - 1° Esb / Cbu 
505 0 |a El mundo contemporáneo: sociedades entre problemas y utopías -- Los territorios del mundo contemporáneo -- Los primeros seres humanos y las primeras formas de organización -- Las sociedades tributarias del cercano oriente -- Las antiguas sociedades esclavistas del mediterráneo -- La sociedad feudal en europa occidental -- De la expansión a la crisis de la sociedad feudal -- Ambiente, sociedad y recursos -- El trabajo y las actividades económicas -- Población y calidad de vida -- La organización de los espacios rurales y urbanos -- El transporte, la circulación y el comercio en el mundo contemporáneo -- Anexo cartográfico 
020 |a 9870600670 
100 1 |a Blanco, Jorge 
700 1 |a Fernández Caso, María Victoria 
700 1 |a Gurevich, Raquel 
700 1 |a Vázquez, Enrique 
700 1 |a Alonso, María Ernestina 
700 1 |a Soletic, María Angeles 
082 0 4 |a Z302 
653 |a Geografía 
653 |a Ciencias sociales 
653 |a Historia 
859 |a CEMS  |b BIB. CEMS - Agricultura  |h 302  |i B598  |p A0828.08  |t Ej.1  |v 7  |3 7 
859 |a CEMS  |b BIB. CEMS - Agricultura  |h 302  |i B598  |p A0829.08  |t Ej.2  |v 7  |3 7 
859 |a CEMS  |b BIB. CEMS - Agricultura  |h 302  |i B598  |p A0830.08  |t Ej.3  |v 7  |3 7 
859 |a CEMS  |b BIB. CEMS - Agricultura  |h 302  |i B598  |p A0835.08  |t Ej.4  |v 7  |3 7 
859 |a CEMS  |b BIB. CEMS - 11 de abril  |h 302  |i B593  |p 23700.07  |t Ej.1  |v 7º  |3 7º 
859 |a CEMS  |b BIB. CEMS - 11 de abril  |h 302  |i B593  |p 25325.08  |t Ej.2  |v 7º  |3 7º 
859 |a CEMS  |b BIB. CEMS - 11 de abril  |h 302  |i B593  |p 25324.08  |t Ej.3  |v 7º  |3 7º 
859 |a CEMS  |b BIB. CEMS - 11 de abril  |h 302  |i B593  |p 25323.08  |t Ej.4  |v 7º  |3 7º 
859 |a CEMS  |b BIB. CEMS - 11 de abril  |h 302  |i B593  |p 25322.08  |t Ej.5  |v 7º  |3 7º 
859 |a CEMS  |b BIB. CEMS - 11 de abril  |h 302  |i B593  |p 25321.08  |t Ej.6  |v 7º  |3 7º